000 00565nam a2200193 a 4500
001 000021164
005 20200930011240.0
008 100901s1940 ag 000 f spa d
040 _aDO-SdBNP
_bspa
_cBNPHU
082 _a863.5
_bV162p, 1940
100 1 _aValera, Juan.
_d1824-1905.
_96833
245 1 0 _aPepita Jímenez :
_bnovela /
_cJuan Valera.
250 _a2a ed.
260 _aBuenos Aires, (Argentina) :
_bSopena Argentina,
_c1940.
300 _a157 p. ;
_c23 cm.
650 4 _aNovela española
_91123
650 4 _aLiteratura española
_9632
049 _aBNGR
999 _c20666
_d20666